000 00762nam a22002417a 4500
003 OSt
005 20250701163805.0
008 201030s2012 ck ||||er|||| 00| p spa d
020 _a9789587108538
040 _aCO-JMCR
_cCO-JMCR
041 0 _aspa
082 0 4 _aA-P
_bBAYs
_223
100 1 _aBayona Vargas, Juan Carlos,
_eautor
_912296
245 1 0 _aSoledad llena de humo :
_bantología /
_cJuan Carlos Bayona Vargas
250 _aPrimera edición
260 _aBogotá :
_bUniversidad Externado de Colombia,
_c2012
300 _a65 páginas ;
_c15 cm.
490 0 _aUn libro por centavos ;
_vNo. 87
490 0 _aEl malpensante
500 _aIncluye datos bibliográficos del autor.
650 1 4 _aPoesía colombiana
_xSiglo XXI
_912297
942 _2ddc
_cBK
999 _c7004
_d7004